000
00276nam a22001097a 4500
082
_a
511.33 EHR'F
100
_a
EHRENPREIS, LEON
_9
74085
245
_a
FOURIER ANALYSIS IN SEVRAL COMPLEX VARIABLE
260
_a
NEW YORK
_b
JOHN WILEY & SONS
_c
1970
300
_a
506P
942
_c
BK
999
_c
579661
_d
579661